| 000 | 00538nam a2200193 a 4500 | ||
|---|---|---|---|
| 001 | 2726 | ||
| 003 | CO-ViMGA | ||
| 008 | 141112s2004 ck r 000 u spa d | ||
| 040 |
_aCO-ViMGA _bspa _cCO-ViMGA |
||
| 082 | 0 | 4 | _a629.250 R844p |
| 100 | 1 |
_aRuigi, Luis _951782 |
|
| 245 | 1 | 0 | _aPreparación de motores de competición |
| 260 |
_aBarcelona : _bCeac, _c1985 |
||
| 300 | _a302 p : il | ||
| 490 | _aBiblioteca del automóvil | ||
| 650 | 1 | 4 |
_aMECANICA AUTOMOTRIZ _96208 |
| 650 | 1 | 4 |
_aMOTORES DE COMBUSTION INTERNA _951783 |
| 942 |
_2ddc _cBK |
||
| 999 |
_c14801 _d14801 |
||